LEADER 01585nam a2200325 i 4500 001 000000136339 003 CaOOAMICUS 005 20250717164112.0 008 050323s1974 it u000 u ita u 040 $aSeMil$bita 100 1 $aFisher, Irving,$d<1867-1947>.$0(OLS)http://semarc/name/55519 240 10$aMathematical investigations in the theory of value and prices.$0(OLS)http://semarc/title/199242 245 10$aOpere /$cdi Irving Fisher ; a cura di Anna Pellanda. 264 1$aTorino :$bUnione Tipografico-Editrice Torinese,$c1974. 300 $a1325 p., [10] carte di tav., di cui 3 ripieg. :$bill. ;$c24 cm. 490 1 $aClassici dell'economia 500 $aContiene: Indagini matematiche sulla teoria del valore e dei prezzi ; Il potere d'acquisto della moneta ; La teoria dell'interesse 650 4$aMatematica finanziaria.$0(OLS)http://semarc/subject/31418 650 4$aEconomia - Teorie.$0(OLS)http://semarc/subject/880 700 1 $aPellanda, Anna.$0(OLS)http://semarc/name/55520 730 42$aThe purchasing power of money.$0(OLS)http://semarc/title/454771 730 42$aThe theory of interest.$0(OLS)http://semarc/title/454772 830 0$aClassici dell'economia .$0(OLS)http://semarc/title/503 850 $aSeMil 852 $aSeMil$W1$xVenegono$y1$m3M V 281$j259876$B89955$CSeMilBibl$Z2$F94830 $81 941 1 $a1 961 $aOmaggio: Ciprandi dott. Paolo 996 $6245$aOpere$9(OLS)http://semarc/title/2208 996 $6264$aTorino :$bUnione Tipografico-Editrice Torinese$9(OLS)http://semarc/publisher/29628 LEADER 01468nam a2200289 i 4500 001 000000139548 003 CaOOAMICUS 005 20050526000000.0 008 050526s1996 it u000 u ita u 013 $a113640 020 $a88-85408-79-6 040 $aSeMil$bita 100 1 $aRota, Daniele.$0(OLS)http://semarc/name/15200 245 12$aL'erudito Pier Antonio Serassi biografo di Torquato Tasso :$bricerca sulla vita e sulle opere attraverso il carteggio inedito /$cDaniele Rota. 260 $a[Viareggio (Lucca) :$bMauro Baroni],$cstampa 1996. 300 $a331 p. :$bill. ;$c27 cm. 490 0 $aDocumenta Taxiana ;$v1. 500 $aContiene : Inserto iconografico. - In copertina : Provincia di Bergamo ; Università di Bergamo. - In custodia con : La vita di Torquato Tasso. - Fondo Card. C.M. Martini. 650 4$aSerassi, Pier Antonio.$0(OLS)http://semarc/subject/27406 830 0$aDocumenta Taxiana ;$v1.$0(OLS)http://semarc/title/12271 850 $aSeMil 852 $aSeMil$W1$xVenegono$y1$m1C VI 152$j233721$B92956$CSeMilBibl$Z2$F98235 $81 941 1 $a4 961 $aOmaggio: Martini Card. Carlo Maria 996 $6020$a88-85408-79-6$9(OLS)http://semarc/number/127597 996 $6245$aL'erudito Pier Antonio Serassi biografo di Torquato Tasso :$bricerca sulla vita e sulle opere attraverso il carteggio inedito$9(OLS)http://semarc/title/203882 996 $6260$a[Viareggio (Lucca) :$bMauro Baroni]$9(OLS)http://semarc/publisher/32021